[Event "SRB-chT2 West"]
[Site "Sabac"]
[Date "2014.09.28"]
[Round "6.4"]
[White "Irizanin, Radoje"]
[Black "Misic, Dragan"]
[Result "1-0"]
[WhiteElo "2330"]
[BlackElo "2269"]
[PlyCount "57"]
[EventDate "2014.09.25"]
[EventType "team-swiss"]
[EventRounds "6"]
[EventCountry "SRB"]
[SourceTitle "EXT 2015"]
[Source "ChessBase"]
[SourceDate "2014.11.20"]
[SourceVersion "1"]
[SourceVersionDate "2014.11.20"]
[SourceQuality "1"]

1. d4 d5 2. Nf3 Nf6 3. Bf4 e6 4. e3 c5 5. c3 Nbd7 6. h3 Qb6 7. Qb3 Be7 8. Nbd2 0-0 9. Be2 Re8 10. 0-0 h6 11. Rfe1 a6 12. Bh2 Qc6 13. c4 dxc4 14. Nxc4 b5 15. Nce5 Qb6 16. Nxd7 Nxd7 17. Rac1 Bb7 18. Ne5 Nxe5 19. Bxe5 Bd5 20. dxc5 Bxc5 21. Qc3 Rac8 22. b4 Bf8 23. Qxc8 Rxc8 24. Rxc8 f6 25. Bg3 Qb7 26. Rec1 Bc4 27. Rb8 Qc6 28. Bf3 Qd7 29. Rd1 1-0

[Event "SRB-chT2 West"]
[Site "Sabac"]
[Date "2014.09.26"]
[Round "2.2"]
[White "Misic, Dragan"]
[Black "Lukic, Predrag"]
[Result "1/2-1/2"]
[WhiteElo "2269"]
[BlackElo "2241"]
[PlyCount "111"]
[EventDate "2014.09.25"]
[EventType "team-swiss"]
[EventRounds "6"]
[EventCountry "SRB"]
[SourceTitle "EXT 2015"]
[Source "ChessBase"]
[SourceDate "2014.11.20"]
[SourceVersion "1"]
[SourceVersionDate "2014.11.20"]
[SourceQuality "1"]

1. d4 Nf6 2. Nf3 g6 3. g3 Bg7 4. Bg2 0-0 5. 0-0 d6 6. b3 c6 7. Bb2 Nbd7 8. Nbd2 Re8 9. e4 e5 10. dxe5 dxe5 11. Qe2 Qc7 12. Rfd1 b6 13. h3 Bb7 14. a4 a5 15. Qe3 Ba6 16. Bf1 Bxf1 17. Kxf1 Nc5 18. c3 Nfd7 19. Kg2 b5 20. Ba3 Bf8 21. Ne1 Red8 22. Nc2 Rdb8 23. Ne1 bxa4 24. bxa4 Nb3 25. Nxb3 Rxb3 26. Bxf8 Nxf8 27. Qc5 Ne6 28. Qc4 Rab8 29. Nd3 c5 30. Rd2 h5 31. h4 Kg7 32. Rc1 Ra3 33. Rb2 Rxb2 34. Nxb2 Qb7 35. Rc2 Ra1 36. Nd3 Qb1 37. Rc1 Qa2 38. Qxa2 Rxa2 39. Nxe5 Rxa4 40. Kf3 f5 41. exf5 gxf5 42. Rd1 Ra3 43. Rd3 a4 44. Nc4 Ra1 45. Rd7+ Kf6 46. Ra7 Rc1 47. Rxa4 Rxc3+ 48. Ne3 Rc1 49. Ke2 Rb1 50. Ra2 f4 51. gxf4 Nxf4+ 52. Kf3 Ne6 53. Ra6 Kf7 54. Nf5 Rb3+ 55. Ke4 Rb6 56. Kd5 1/2-1/2

[Event "SRB-chT"]
[Site "Vrnjacka Banja"]
[Date "2012.10.05"]
[Round "9.5"]
[White "Misic, Dragan"]
[Black "Mladenovic, Stefan"]
[Result "1-0"]
[WhiteElo "2294"]
[BlackElo "2264"]
[PlyCount "93"]
[EventDate "2012.09.29"]
[EventType "team-tourn"]
[EventRounds "11"]
[EventCountry "SRB"]
[SourceTitle "CBM 150 Extra"]
[Source "ChessBase"]
[SourceDate "2012.10.19"]
[SourceVersion "1"]
[SourceVersionDate "2012.10.19"]
[SourceQuality "1"]
[WhiteTeam "Sabac"]
[BlackTeam "Paracin"]
[WhiteTeamCountry "SRB"]
[BlackTeamCountry "SRB"]

1. d4 Nf6 2. Nf3 e6 3. g3 b5 4. Bg2 Bb7 5. 0-0 c5 6. c3 cxd4 7. cxd4 Be7 8. Bg5 d6 9. Qd3 a6 10. Nbd2 Nbd7 11. e4 e5 12. b4 h6 13. Be3 Ng4 14. d5 Nxe3 15. Qxe3 f5 16. Bh3 fxe4 17. Qxe4 0-0 18. Be6+ Kh8 19. Rac1 Rf6 20. Qd3 Nf8 21. Bh3 Bc8 22. Bxc8 Rxc8 23. Nh4 Qd7 24. Qe4 g5 25. Ng2 Ng6 26. Ne3 h5 27. Rc6 Rg8 28. Kh1 Bd8 29. Nf3 Ne7 30. Rxa6 Qb7 31. Rxd6 Ng6 32. Rxf6 Bxf6 33. Rc1 g4 34. Ne1 Qf7 35. Nd3 Ra8 36. Rc2 Ra3 37. d6 Ra7 38. Qf5 e4 39. Qxh5+ Kg8 40. Rc8+ Nf8 41. Qxg4+ Kh8 42. Qxe4 Rxa2 43. Kg2 Bg5 44. d7 Qxd7 45. Rxf8+ Kg7 46. Rf5 Bxe3 47. Qg4+ 1-0

[Event "SRB-chT"]
[Site "Vrnjacka Banja"]
[Date "2012.10.02"]
[Round "5.6"]
[White "Misic, Dragan"]
[Black "Vucicevic, Moma"]
[Result "1/2-1/2"]
[WhiteElo "2294"]
[BlackElo "2313"]
[PlyCount "61"]
[EventDate "2012.09.29"]
[EventType "team-tourn"]
[EventRounds "11"]
[EventCountry "SRB"]
[SourceTitle "CBM 150 Extra"]
[Source "ChessBase"]
[SourceDate "2012.10.19"]
[SourceVersion "1"]
[SourceVersionDate "2012.10.19"]
[SourceQuality "1"]
[WhiteTeam "Sabac"]
[BlackTeam "Kraljevo Sloga"]
[WhiteTeamCountry "SRB"]
[BlackTeamCountry "SRB"]

1. Nf3 d5 2. d4 Nf6 3. c4 e6 4. Nc3 c6 5. Bg5 h6 6. Bh4 dxc4 7. a4 Bb4 8. e3 b5 9. Nd2 Qb6 10. Bxf6 gxf6 11. Qf3 Bb7 12. Qxf6 Rg8 13. Be2 Nd7 14. Qh4 Be7 15. Qh3 a6 16. Bf3 Rd8 17. 0-0 c5 18. Bxb7 Qxb7 19. axb5 axb5 20. Nce4 cxd4 21. exd4 Qd5 22. Ra5 Bb4 23. Nc3 Qxg2+ 24. Qxg2 Rxg2+ 25. Kxg2 Bxa5 26. Nde4 b4 27. Nd6+ Ke7 28. Nxc4 bxc3 29. Nxa5 Rc8 30. bxc3 Rxc3 31. Re1 1/2-1/2

[Event "SRB-chT"]
[Site "Vrnjacka Banja"]
[Date "2012.10.01"]
[Round "4.2"]
[White "Nikolic, Boban"]
[Black "Misic, Dragan"]
[Result "1-0"]
[WhiteElo "2235"]
[BlackElo "2294"]
[PlyCount "69"]
[EventDate "2012.09.29"]
[EventType "team-tourn"]
[EventRounds "11"]
[EventCountry "SRB"]
[SourceTitle "CBM 150 Extra"]
[Source "ChessBase"]
[SourceDate "2012.10.19"]
[SourceVersion "1"]
[SourceVersionDate "2012.10.19"]
[SourceQuality "1"]
[WhiteTeam "Pirot"]
[BlackTeam "Sabac"]
[WhiteTeamCountry "SRB"]
[BlackTeamCountry "SRB"]

1. c4 Nf6 2. g3 c5 3. Bg2 Nc6 4. Nc3 g6 5. Nf3 Bg7 6. d4 cxd4 7. Nxd4 0-0 8. Nc2 d6 9. b3 Bf5 10. 0-0 Ne4 11. Nxe4 Bxa1 12. Nxa1 Qd7 13. Nc2 Bh3 14. Ne3 Bxg2 15. Kxg2 Qe6 16. Qd5 Qxd5 17. Nxd5 f6 18. Bb2 b6 19. f4 Rac8 20. a3 h6 21. b4 f5 22. Nd2 Kf7 23. e4 e6 24. Ne3 Ne7 25. Kf3 Rfd8 26. exf5 gxf5 27. Nb3 Ng8 28. Rd1 h5 29. a4 Ne7 30. Ba3 d5 31. c5 bxc5 32. Nxc5 Nc6 33. b5 Na5 34. Bb4 Kf6 35. Bxa5 1-0

[Event "SRB-chT 1st League"]
[Site "Valjevo"]
[Date "2010.09.22"]
[Round "7"]
[White "Misic, Dragan"]
[Black "Zivkovic, Ivan"]
[Result "0-1"]
[WhiteElo "2300"]
[BlackElo "2326"]
[PlyCount "73"]
[EventDate "2010.09.18"]
[EventType "team"]
[EventRounds "11"]
[EventCountry "SRB"]
[SourceTitle "CBM 138 Extra"]
[Source "ChessBase"]
[SourceDate "2010.10.29"]
[SourceVersion "1"]
[SourceVersionDate "2010.10.29"]
[SourceQuality "1"]

1. d4 d5 2. Nf3 Nf6 3. c4 c6 4. e3 Bf5 5. Nc3 e6 6. Be2 Nbd7 7. 0-0 Bd6 8. b3 0-0 9. Bb2 Re8 10. Re1 h6 11. a3 a5 12. Qd2 Qe7 13. g3 dxc4 14. bxc4 e5 15. Nh4 Bh7 16. c5 Bc7 17. Bc4 Rad8 18. Qe2 Nf8 19. Rad1 Ne6 20. Nf3 exd4 21. exd4 Qf8 22. Qf1 Bc2 23. Rd2 Bf5 24. Nh4 Ng5 25. Re3 Bh3 26. Qd1 Rxe3 27. fxe3 Qe7 28. Qe1 Re8 29. e4 Nfxe4 30. Nxe4 Nxe4 31. Re2 Kh7 32. Bxf7 Qxf7 33. Rxe4 Rf8 34. Ng2 Qf3 35. Re2 Re8 36. Qb1+ Bf5 37. Qf1 0-1

[Event "SRB-chT 1st League"]
[Site "Vrnjacka Banja"]
[Date "2009.09.26"]
[Round "11"]
[White "Ilic, Aleksandar R"]
[Black "Misic, Dragan"]
[Result "1-0"]
[WhiteElo "2121"]
[BlackElo "2300"]
[PlyCount "83"]
[EventDate "2009.09.19"]
[EventType "team-swiss"]
[EventRounds "11"]
[EventCountry "YUG"]
[SourceTitle "CBM 132 Extra"]
[Source "ChessBase"]
[SourceDate "2009.11.03"]
[SourceVersion "1"]
[SourceVersionDate "2009.11.03"]
[SourceQuality "1"]

1. e4 c6 2. c4 d5 3. exd5 cxd5 4. cxd5 Qxd5 5. Nc3 Qd8 6. Bc4 e6 7. Nf3 Nf6 8. d4 Be7 9. Ne5 0-0 10. 0-0 Nc6 11. Nxc6 bxc6 12. Bf4 Qb6 13. Bb3 Rd8 14. Be3 Nd5 15. Qh5 Ba6 16. Rfd1 Nxc3 17. bxc3 Qb5 18. Qf3 Rac8 19. Rab1 Qa5 20. c4 Bf6 21. g4 h6 22. Qe4 Bg5 23. f4 Bf6 24. h3 Qc7 25. c5 Rd7 26. Rb2 Qd8 27. Rg2 g6 28. h4 Bg7 29. h5 gxh5 30. gxh5 Qf6 31. Rg6 Qf5 32. Qxf5 exf5 33. Rg3 Be2 34. Rd2 Bxh5 35. d5 cxd5 36. Rxd5 Rxd5 37. Bxd5 Bg4 38. Bb7 Rc7 39. c6 Bf8 40. Bxa7 Bd6 41. Rd3 Be7 42. Bb6 1-0

[Event "SRB-chT 1st League"]
[Site "Vrnjacka Banja"]
[Date "2009.09.24"]
[Round "8"]
[White "Misic, Dragan"]
[Black "Pavlovic, Nebojsa"]
[Result "0-1"]
[WhiteElo "2300"]
[BlackElo "2332"]
[PlyCount "112"]
[EventDate "2009.09.19"]
[EventType "team-swiss"]
[EventRounds "11"]
[EventCountry "YUG"]
[SourceTitle "CBM 132 Extra"]
[Source "ChessBase"]
[SourceDate "2009.11.03"]
[SourceVersion "1"]
[SourceVersionDate "2009.11.03"]
[SourceQuality "1"]

1. d4 Nf6 2. Nf3 g6 3. g3 Bg7 4. Bg2 d6 5. c4 0-0 6. 0-0 Nc6 7. Nc3 a6 8. b3 Rb8 9. Bb2 b5 10. cxb5 axb5 11. Rc1 Bd7 12. Qd2 b4 13. Na4 Na5 14. Qg5 c5 15. Nd2 Bxa4 16. bxa4 Nd7 17. Nb3 Nxb3 18. axb3 cxd4 19. Rc4 Nc5 20. Bxd4 Bxd4 21. Rxd4 Ne6 22. Qd2 Nxd4 23. Qxd4 Qc7 24. Qe3 Rfc8 25. h4 e6 26. h5 Qc3 27. Qf4 d5 28. e4 dxe4 29. Bxe4 Qxb3 30. hxg6 hxg6 31. Kg2 Qc3 32. a5 b3 33. a6 Rb4 34. a7 Ra4 35. Qb8 Kg7 36. Rb1 Rxe4 37. a8Q Rxb8 38. Qxb8 Rb4 39. Qe8 Rb6 40. Qd8 Qc6+ 41. Kh2 Rb5 42. Qd4+ Kh7 43. g4 e5 44. Qa4 Qc5 45. Kg3 Rb4 46. Rh1+ Kg7 47. Qe8 Kf6 48. Qd8+ Qe7 49. Qh8+ Ke6 50. Qc8+ Qd7 51. Qa6+ Qd6 52. Qc8+ Kf6 53. Rc1 Rb8 54. Qc3 b2 55. Rb1 Qd4 56. Qc2 Qf4+ 0-1

[Event "SRB-chT 1st League"]
[Site "Vrnjacka Banja"]
[Date "2009.09.20"]
[Round "3"]
[White "Misic, Dragan"]
[Black "Nesic, Nebojsa"]
[Result "1/2-1/2"]
[WhiteElo "2300"]
[BlackElo "2127"]
[PlyCount "90"]
[EventDate "2009.09.19"]
[EventType "team-swiss"]
[EventRounds "11"]
[EventCountry "YUG"]
[SourceTitle "CBM 132 Extra"]
[Source "ChessBase"]
[SourceDate "2009.11.03"]
[SourceVersion "1"]
[SourceVersionDate "2009.11.03"]
[SourceQuality "1"]

1. d4 Nf6 2. Nf3 g6 3. g3 Bg7 4. Bg2 0-0 5. 0-0 d6 6. c4 c6 7. Nc3 a6 8. e4 Nfd7 9. Be3 b5 10. Qd3 Nb6 11. b3 bxc4 12. bxc4 a5 13. Rfc1 Ba6 14. Nd2 N8d7 15. Rab1 Rc8 16. Bf1 c5 17. Nb5 cxd4 18. Bxd4 Nc5 19. Qe3 Bxd4 20. Qxd4 Nbd7 21. Be2 Ne5 22. h4 Qd7 23. Kg2 h5 24. f3 f5 25. f4 Nc6 26. Qe3 fxe4 27. Nxe4 Nxe4 28. Qxe4 Kg7 29. Nd4 Nxd4 30. Qxd4+ Kh6 31. Bd3 Rc5 32. Re1 Bc8 33. Qe3 Qh3+ 34. Kg1 Bf5 35. Bf1 Qg4 36. Qxe7 Qxg3+ 37. Bg2 Rfc8 38. Rb7 R5c7 39. Rxc7 Rxc7 40. Qf8+ Kh7 41. Re8 Qc3 42. Qxd6 Qxc4 43. Re7+ Rxe7 44. Qxe7+ Kh8 45. Qe5+ Kh7 1/2-1/2

[Event "SRB Central-ch"]
[Site "Vrnjacka Banja"]
[Date "2008.11.11"]
[Round "5"]
[White "Gagic, Miroljub"]
[Black "Misic, Dragan"]
[Result "0-1"]
[WhiteElo "1851"]
[BlackElo "2229"]
[PlyCount "80"]
[EventDate "2008.11.08"]
[EventType "swiss"]
[EventRounds "9"]
[EventCountry "YUG"]
[SourceTitle "EXT 2010"]
[Source "ChessBase"]
[SourceDate "2010.11.25"]
[SourceVersion "1"]
[SourceVersionDate "2010.11.25"]
[SourceQuality "1"]

1. e4 c5 2. Ne2 Nc6 3. d4 cxd4 4. Nxd4 Nf6 5. Nc3 d6 6. Be2 e5 7. Nb3 Be6 8. 0-0 d5 9. exd5 Nxd5 10. Ne4 Be7 11. Nbc5 Bxc5 12. Nxc5 Qe7 13. Nxe6 Qxe6 14. f4 Nxf4 15. Bxf4 exf4 16. Kh1 Qe5 17. Bf3 0-0 18. Bxc6 bxc6 19. c3 Rab8 20. Qc2 Rfe8 21. h3 Qe2 22. Qxe2 Rxe2 23. b3 g5 24. Rfd1 Rc2 25. Rdc1 Rd2 26. c4 Re8 27. Rd1 Ree2 28. Rxd2 Rxd2 29. a3 Kg7 30. b4 Kf6 31. b5 cxb5 32. cxb5 Rb2 33. a4 h5 34. Kg1 g4 35. hxg4 hxg4 36. Kf1 g3 37. Rc1 Rf2+ 38. Ke1 Rxg2 39. Rc7 Ra2 40. Rxa7 g2 0-1

[Event "SRB Central-ch"]
[Site "Vrnjacka Banja"]
[Date "2008.11.09"]
[Round "3"]
[White "Nikolic, Stanimir"]
[Black "Misic, Dragan"]
[Result "1-0"]
[WhiteElo "2291"]
[BlackElo "2229"]
[PlyCount "96"]
[EventDate "2008.11.08"]
[EventType "swiss"]
[EventRounds "9"]
[EventCountry "YUG"]
[SourceTitle "EXT 2010"]
[Source "ChessBase"]
[SourceDate "2010.11.25"]
[SourceVersion "1"]
[SourceVersionDate "2010.11.25"]
[SourceQuality "1"]

1. d4 d5 2. Nf3 Nf6 3. c4 c6 4. e3 Bf5 5. Nc3 e6 6. Bd3 Bxd3 7. Qxd3 Be7 8. 0-0 0-0 9. Rb1 a5 10. Ne5 Nfd7 11. f4 f6 12. Nf3 f5 13. Bd2 Na6 14. a3 h6 15. Kh1 Kh8 16. Rg1 Qe8 17. g4 g6 18. Qf1 Qf7 19. c5 h5 20. gxh5 gxh5 21. h4 Rg8 22. Ng5 Bxg5 23. hxg5 Kg7 24. Nd1 Nf8 25. Nf2 Ng6 26. Nd3 Nc7 27. Rg2 Rh8 28. Rh2 Kf8 29. Kg2 Ke7 30. Qe2 h4 31. Rbh1 Rh7 32. Rh3 a4 33. Be1 Nb5 34. Bxh4 Rah8 35. Bg3 Rxh3 36. Rxh3 Rxh3 37. Kxh3 Qh7+ 38. Kg2 Qh8 39. Qd1 Nh4+ 40. Kg1 Ng6 41. Nf2 Qa8 42. Qh5 Qg8 43. Qh6 Kf7 44. Nd3 Qg7 45. Qh5 Ke7 46. Kg2 Qg8 47. Bh4 Qe8 48. Kg3 Kd7 1-0

[Event "SRB-chT2"]
[Site "Golubac"]
[Date "2008.09.23"]
[Round "6"]
[White "Misic, Dragan"]
[Black "Pap, Misa"]
[Result "0-1"]
[WhiteElo "2204"]
[BlackElo "2495"]
[PlyCount "72"]
[EventDate "2008.09.20"]
[EventType "team-tourn"]
[EventRounds "11"]
[EventCountry "YUG"]
[SourceTitle "EXT 2010"]
[Source "ChessBase"]
[SourceDate "2010.11.25"]
[SourceVersion "1"]
[SourceVersionDate "2010.11.25"]
[SourceQuality "1"]

1. Nf3 c5 2. c4 Nf6 3. Nc3 b6 4. g3 Bb7 5. Bg2 e6 6. 0-0 d6 7. d3 Be7 8. Bg5 0-0 9. e4 Nbd7 10. h3 a6 11. Qe2 Qc7 12. Rfe1 Rfe8 13. Rab1 Bc6 14. Qc2 Rac8 15. b3 b5 16. Nh2 b4 17. Ne2 Qb7 18. Ng4 a5 19. Nxf6+ Nxf6 20. Kh2 Ng4+ 21. hxg4 Bxg5 22. d4 Bf6 23. d5 exd5 24. exd5 Bd7 25. Be4 g6 26. f3 a4 27. Nf4 axb3 28. axb3 Ra8 29. Kg2 Kg7 30. Rh1 Qa7 31. Qd3 Qa2+ 32. Ne2 Rxe4 33. fxe4 Bxg4 34. Rhe1 Bc3 35. Kf1 Bxe1 36. Rxe1 Qb2 0-1

[Event "Belgrade Trophy 20th"]
[Site "Belgrade"]
[Date "2007.11.28"]
[Round "7"]
[White "Misic, Dragan"]
[Black "Grujicic, Zoran"]
[Result "1/2-1/2"]
[WhiteElo "2222"]
[BlackElo "2044"]
[PlyCount "43"]
[EventDate "2007.11.22"]
[EventType "swiss"]
[EventRounds "9"]
[EventCountry "YUG"]
[SourceTitle "CBM 121 Extra"]
[Source "ChessBase"]
[SourceDate "2008.01.10"]
[SourceVersion "1"]
[SourceVersionDate "2008.01.10"]
[SourceQuality "1"]

1. d4 Nf6 2. Nf3 d5 3. c4 c6 4. Nc3 e6 5. Bg5 Be7 6. e3 Nbd7 7. Qc2 0-0 8. Bd3 Re8 9. 0-0 Nf8 10. Ne5 N6d7 11. Bxe7 Qxe7 12. f4 f6 13. Nxd7 Bxd7 14. c5 f5 15. b4 a6 16. Rfb1 Qf6 17. a4 g5 18. b5 axb5 19. axb5 gxf4 20. Qf2 fxe3 21. Qxe3 Rxa1 22. Rxa1 1/2-1/2

[Event "Belgrade Trophy 20th"]
[Site "Belgrade"]
[Date "2007.11.27"]
[Round "6"]
[White "Stojanovic, Dalibor"]
[Black "Misic, Dragan"]
[Result "1-0"]
[WhiteElo "2510"]
[BlackElo "2222"]
[PlyCount "59"]
[EventDate "2007.11.22"]
[EventType "swiss"]
[EventRounds "9"]
[EventCountry "YUG"]
[SourceTitle "CBM 121 Extra"]
[Source "ChessBase"]
[SourceDate "2008.01.10"]
[SourceVersion "1"]
[SourceVersionDate "2008.01.10"]
[SourceQuality "1"]

1. e4 c6 2. d4 d5 3. Nc3 dxe4 4. Nxe4 Nd7 5. Nf3 Ngf6 6. Nxf6+ Nxf6 7. Ne5 e6 8. Be2 Qc7 9. Bf4 Bd6 10. Bg3 Ne4 11. Qd3 Nxg3 12. hxg3 h6 13. 0-0-0 Bd7 14. Qe3 a5 15. Bh5 Bxe5 16. dxe5 c5 17. Rd6 0-0 18. Bf3 c4 19. Rhd1 Bb5 20. Qb6 Qxb6 21. Rxb6 Bc6 22. Bxc6 bxc6 23. Rxc6 Rfc8 24. Rdd6 Kh7 25. Kd2 Kg6 26. Kc3 Kf5 27. Rxc8 Rxc8 28. Rd7 Kxe5 29. Rxf7 g6 30. f4+ 1-0

[Event "SRB-chT2 West"]
[Site "Serbia"]
[Date "2006.10.27"]
[Round "9.6"]
[White "Misic, Dragan"]
[Black "Cubrakovic, Velibor"]
[Result "1/2-1/2"]
[WhiteElo "2221"]
[BlackElo "2234"]
[PlyCount "89"]
[EventDate "2006.09.09"]
[EventType "team"]
[EventRounds "11"]
[EventCountry "SRB"]
[SourceTitle "EXT 2012"]
[Source "ChessBase"]
[SourceDate "2011.11.24"]
[SourceVersion "1"]
[SourceVersionDate "2011.11.24"]
[SourceQuality "1"]

1. d4 Nf6 2. Nf3 g6 3. g3 Bg7 4. Bg2 0-0 5. 0-0 d6 6. c4 c6 7. Nc3 Nbd7 8. e4 Nb6 9. b3 d5 10. cxd5 cxd5 11. e5 Ne8 12. h3 Bd7 13. Be3 Nc7 14. Qe2 h6 15. Rac1 Kh7 16. Nh4 f5 17. f4 e6 18. Nf3 Rc8 19. Rc2 Na6 20. a3 Qe7 21. Bc1 Rc7 22. Bb2 Rfc8 23. Rfc1 Bf8 24. Bf1 Qe8 25. Nd1 Bc6 26. Ne3 Rg7 27. h4 Be7 28. Qd3 Qd7 29. Rh2 Qe8 30. Bh3 Qf8 31. Ra1 Nc7 32. Kh1 a5 33. a4 Na6 34. Rg1 h5 35. Bc3 Nb4 36. Bxb4 axb4 37. Rc2 Qe8 38. Kh2 Ra8 39. Rgc1 Bf8 40. Bf1 Kg8 41. Qd2 Ra5 42. Rb2 Ra8 43. Nc2 Nc4 44. bxc4 dxc4 45. Bxc4 1/2-1/2

[Event "YUG-Cup"]
[Site "Svetozarevo"]
[Date "1990.??.??"]
[Round "?"]
[White "Djukic, Zeljko"]
[Black "Misic, Dragan"]
[Result "1-0"]
[WhiteElo "2410"]
[BlackElo "2225"]
[PlyCount "103"]
[EventDate "1990.??.??"]
[EventType "swiss"]
[EventRounds "9"]
[EventCountry "YUG"]
[SourceTitle "EXT 1997"]
[Source "ChessBase"]
[SourceDate "1996.11.15"]
[SourceVersion "1"]
[SourceVersionDate "1996.11.15"]
[SourceQuality "1"]

1. d4 Nf6 2. c4 e6 3. Nc3 Bb4 4. Qc2 c5 5. dxc5 Na6 6. a3 Bxc3+ 7. Qxc3 Nxc5 8. b4 Nce4 9. Qd4 d5 10. c5 b6 11. f3 bxc5 12. bxc5 Qa5+ 13. Qb4 Qxb4+ 14. axb4 Nc3 15. e3 Bd7 16. Bd2 Nb5 17. Ne2 0-0 18. Nd4 Rfb8 19. Ra5 a6 20. Kf2 e5 21. Bxb5 axb5 22. Nb3 Rxa5 23. Nxa5 Ne8 24. Bc3 f6 25. f4 exf4 26. exf4 Nc7 27. h3 h5 28. g4 hxg4 29. hxg4 Ne6 30. Kf3 Kf7 31. g5 Ra8 32. Rd1 Nc7 33. gxf6 gxf6 34. Rh1 Bf5 35. Rh6 Ne8 36. Ke3 Kg7 37. Rh5 Be4 38. f5 Rc8 39. Kf4 Rc7 40. Bd4 Re7 41. Nc6 Rd7 42. Rg5+ Kf8 43. Rh5 Kg8 44. Rh6 Kg7 45. Rg6+ Kf7 46. Bxf6 Nxf6 47. Ne5+ Ke7 48. Rxf6 Kxf6 49. Nxd7+ Ke7 50. Ne5 Bg2 51. Nc6+ Kf6 52. Nd4 1-0

[Event "YUG-Cup"]
[Site "Svetozarevo"]
[Date "1990.??.??"]
[Round "?"]
[White "Misic, Dragan"]
[Black "Strikovic, Aleksa"]
[Result "0-1"]
[WhiteElo "2225"]
[BlackElo "2465"]
[PlyCount "84"]
[EventDate "1990.??.??"]
[EventType "swiss"]
[EventRounds "9"]
[EventCountry "YUG"]
[SourceTitle "EXT 1997"]
[Source "ChessBase"]
[SourceDate "1996.11.15"]
[SourceVersion "1"]
[SourceVersionDate "1996.11.15"]
[SourceQuality "1"]

1. d4 g6 2. Nf3 Bg7 3. g3 d6 4. Bg2 Nf6 5. 0-0 0-0 6. c4 Nbd7 7. Nc3 e5 8. dxe5 dxe5 9. e4 c6 10. h3 Re8 11. Qc2 a5 12. Be3 Bf8 13. Rfd1 Qc7 14. Na4 b6 15. Nh2 Nc5 16. Nxc5 Bxc5 17. Bxc5 bxc5 18. Rd3 Nd7 19. Ng4 h5 20. Rxd7 Bxd7 21. Nf6+ Kg7 22. Nxe8+ Rxe8 23. Rd1 Be6 24. Qa4 Rb8 25. b3 h4 26. g4 Rb4 27. Qa3 a4 28. Rd3 Qe7 29. Qc1 axb3 30. axb3 Rb7 31. f4 exf4 32. Qxf4 Qf6 33. Qxf6+ Kxf6 34. e5+ Kxe5 35. Bxc6 Ra7 36. Bd5 Bc8 37. Bg2 Ra1+ 38. Kf2 Ra2+ 39. Kf1 Rb2 40. Bf3 f5 41. gxf5 Bxf5 42. Rd5+ Kf4 0-1